Statistics for Asian Geography By Letter - T

Click here to take the quiz!

General Stats

  • This quiz has been taken 1,696 times
    (1,669 since last reset)
  • The average score is 13 of 18

Answer Stats

ClueAnswer% Correct
Capital of IranTehran
95%
Country officially apart of ChinaTaiwan
94%
Formally known as SiamThailand
94%
Its capital is Ashgabat...Turkmenistan
91%
White marble palace in AgraTaj Mahal
90%
Biggest city in the WorldTokyo
90%
Landlocked countryTajikistan
82%
Invaded by China in 1951Tibet
81%
Where Greeks hid in a wooded horseTroy
80%
Spoken in Southern India and Sri LankaTamil
73%
Country with the same name as a birdTurkey
72%
Major Filipino languageTagalog
69%
Home to skyscraper _____ 101Taipei
56%
Beijing square home to 1989 protestsTiananmen Square
55%
Island half owned by IndonesiaTimor
51%
Stone city, UzbekistanTashkent
48%
5th largest city in ChinaTianjin
38%
...and its old name isTurkmenia
7%

Score Distribution

Percentile by Number Answered

Percent of People with Each Score

Your Score History

You have not taken this quiz since the last reset